| 000 | 00348nam a2200145Ia 4500 | ||
|---|---|---|---|
| 008 | 150201s1976 xx 000 0 und d | ||
| 082 |
_a617.659 _bA1976O |
||
| 100 | _aOSBORN | ||
| 245 | _aADVANCE DENTAL HISTOLOGY | ||
| 250 | _a3RD | ||
| 260 |
_bWRIGHT PUBLICATION _aOXFORD _c1976 |
||
| 300 | _a1-167 | ||
| 650 | _aORAL PATHOLOGY | ||
| 942 |
_2ddc _cBK |
||
| 999 |
_c3125 _d3125 |
||